000 00291nam a22001337a 4500
008 170131b xxu||||| |||| 00| 0 eng d
020 _a9780917330827
041 _aeng
080 _a61
100 _a3
101 _aSHM
245 _aPATIENT ASSESSMENT HANDBOOK
_cLIMON, L
942 _2udc
_cBK
999 _c4147
_d4147